| 000 | 00747nam a2200217 4500 | ||
|---|---|---|---|
| 001 | 191443 | ||
| 003 | SpMaBN | ||
| 005 | 20230906224021.0 | ||
| 008 | 220923s2001 sp | ||| ||spa | ||
| 016 | 7 |
_abimoBNE20010941093 [ _2SpMaBN] |
|
| 017 |
_aM 34935-2001 _bOficina Depósito Legal Madrid |
||
| 020 | _a84-309-3703-X | ||
| 035 | _a(OCoLC)434389809 | ||
| 040 |
_aSpMaBN _bspa _cSpMaBN _erdc |
||
| 080 | _a94(100)"19"(038) | ||
| 245 | 0 | 0 |
_aDiccionario de historia y política del siglo XX / _c[edición y redacción de textos, José Mª López Alonso]. |
| 260 |
_aMadrid : _bTecnos, _c[2001] |
||
| 300 |
_a742 p. ; _c25 cm. |
||
| 650 | 0 | 7 |
_aHistoria contemporánea- _yS.XX- _vDiccionarios. _9175253 |
| 852 |
_aES-MaACL _jDIC 94(100)"19" dic |
||
| 999 |
_c191443 _d191443 |
||